A solas Contigo : (Registro nro. 24225)

Detalles MARC
000 -LEADER
fixed length control field 00974nam a22002057a 4500
003 - CONTROL NUMBER IDENTIFIER
control field DO-CoUTE
005 - DATE AND TIME OF LATEST TRANSACTION
control field 20260523142107.0
008 - FIXED-LENGTH DATA ELEMENTS--GENERAL INFORMATION
fixed length control field 260523b dr ||||| |||| 00| 0 spa d
040 ## - CATALOGING SOURCE
Original cataloging agency DO-CoUTE
Language of cataloging spa
Transcribing agency DO-CoUTE
082 ## - DEWEY DECIMAL CLASSIFICATION NUMBER
Classification number 861.64 P438A
100 1# - MAIN ENTRY--PERSONAL NAME
Personal name Pérez Gomez, Marino
Relator term Autor
245 10 - TITLE STATEMENT
Title A solas Contigo :
Remainder of title Manual de Romanticimo /
Statement of responsibility, etc. Marino Pérez Gomez
260 ## - PUBLICATION, DISTRIBUTION, ETC.
Place of publication, distribution, etc. España ;
Name of publisher, distributor, etc. Cuadranta,
Date of publication, distribution, etc. 2025
300 ## - PHYSICAL DESCRIPTION
Extent 87 Paginas :
Dimensions 14 cm x 21 cm
504 ## - BIBLIOGRAPHY, ETC. NOTE
Bibliography, etc. note Incluye referencia bibliográfica e índice.
520 ## - SUMMARY, ETC.
Summary, etc. El poemario es un canto a la explosión romántica desde un plano ideal y práctico a la vez, y nos invita a un apasionante viaje vital. Adobado con un vibrante lirismo, cada poema aporta una sobredosis de sentimiento y pasión, basada en experiencias amorosas de alta intensidad. Destilan corazón y pretenden calar en el de quien se acerque a ellos.<br/><br/>
650 #4 - SUBJECT ADDED ENTRY--TOPICAL TERM
Topical term or geographic name entry element Poesia
700 1# - ADDED ENTRY--PERSONAL NAME
Personal name Mariano Perez Gomez
Relator term Autor
942 ## - ADDED ENTRY ELEMENTS (KOHA)
Source of classification or shelving scheme Dewey Decimal Classification
Koha item type Libros
Existencias
Withdrawn status Lost status Source of classification or shelving scheme Damaged status Not for loan Collection code Home library Current library Shelving location Date acquired Inventory number Total Checkouts Full call number Barcode Date last seen Copy number Price effective from Koha item type
    Dewey Decimal Classification     Colección General Biblioteca UTECO Biblioteca UTECO En Estantería 05/23/2026 023765   861.64 P438A 023765 05/23/2026 Ej.1 05/23/2026 Libros
© 2021 Derechos Reservados UTECO - Teléfono: +1 809-585-2291 - Correo electrónico: biblioteca@uteco.edu.do​  
Código postal 43000 ​​
Dirección: Avenida Universitaria No. 100, 
Cotuí, Provincia Sánchez Ramírez, República Dominicana - RNC: 404-00059-6